Acta Orientalia Neerlandica. : Proceedings of the congress of the Dutch Oriental Society, held in Leiden on the occasion of its 50th anniversary, 8th-9th May l970 /

Bibliographic Details
Corporate Author: Oosters Genootschap in Nederland
Other Authors: Pestman, P. W.
Format: Book
Language:English
Published: Leiden : Brill, 1971.
Subjects:

MARC

Tag First Indicator Second Indicator Subfields
LEADER 00000cam a2200000 4500
001 in00000307267
005 20151010143713.0
008 730104s1971 ne a b 10000 eng
010 |a  72333371  
015 |a Ne72-15 
035 |a (OCoLC)00528976 
035 |9 ABH5688AM 
037 |c fl 125.00 
040 |c HUC  |d TXA  |d UtOrBLW 
049 |a TXAM  |c [1148064] 
050 0 0 |a DS1.5  |b .O67 
110 2 |a Oosters Genootschap in Nederland. 
245 1 0 |a Acta Orientalia Neerlandica. :  |b Proceedings of the congress of the Dutch Oriental Society, held in Leiden on the occasion of its 50th anniversary, 8th-9th May l970 /  |c Ed. by P. W. Pestman. 
264 1 |a Leiden :  |b Brill,  |c 1971. 
300 |a vi, 219 pages, 34 pages of photos. ;  |c 30 cm. 
336 |a text  |b txt  |2 rdacontent 
337 |a unmediated  |b n  |2 rdamedia 
338 |a volume  |b nc  |2 rdacarrier 
504 |a Includes bibliographical references. 
651 0 |a Asia  |x Study and teaching  |x Congresses. 
700 1 |a Pestman, P. W. 
999 |a MARS 
999 f f |s 818ba210-9196-3514-8a16-193071b31b8f  |i a17fe776-315d-3aa9-838f-c76dc552a07e  |t 0 
952 f f |p ric  |a Texas A&M University  |b Rellis Campus  |c Joint Library Facility  |d Remote Storage  |t 0  |e DS1.5 .O67  |h Library of Congress classification  |i unmediated -- volume  |m A14802021449 
998 f f |a DS1.5 .O67  |t 0  |l Remote Storage